[Event "Olomouc 2009 - IM B"]
[Site "?"]
[Date "2009.08.08"]
[Round "4.4"]
[White "Antipov, Mikhail Al"]
[Black "Pacher, Milan"]
[Result "0-1"]
[WhiteElo "2191"]
[BlackElo "2358"]
[PlyCount "124"]
[EventDate "2009.08.05"]

1. e4 c6 2. d4 d5 3. f3 e6 4. Nc3 Bb4 5. Bf4 Nf6 6. Qd3 O-O 7. Nge2 b5 8. a3
Be7 9. e5 Nfd7 10. Be3 a5 11. f4 Ba6 12. Qd2 b4 13. Na4 Nb6 14. Nxb6 Qxb6 15.
axb4 axb4 16. Nc1 Nd7 17. Rxa6 Rxa6 18. Bxa6 Qxa6 19. Nd3 Qb5 20. O-O Ra8 21.
Qf2 f5 22. g4 b3 23. gxf5 exf5 24. Kh1 Nf8 25. Re1 Ne6 26. Nc1 bxc2 27. Qxc2
Rf8 28. Ne2 g6 29. Rc1 Rc8 30. Nc3 Qa5 31. Qb3 Qa8 32. Kg1 Kf7 33. Kf2 Rb8 34.
Qc2 c5 35. Ne2 c4 36. Bd2 Qa2 37. Bc3 Bb4 38. Ke3 Bf8 39. Qd1 Rb3 40. Kf2 Qa8
41. Ra1 Qd8 42. Ra7+ Kg8 43. Kg3 Bh6 44. h4 Rb8 45. Ra6 Ng7 46. Rd6 Nh5+ 47.
Kh3 Qe7 48. Qh1 Nxf4+ 49. Nxf4 Bxf4 50. Qxd5+ Kh8 51. Rd7 Qf8 52. Qf3 Bc1 53.
Qe2 f4 54. Kg2 Bxb2 55. e6 Bxc3 56. Qe5+ Kg8 57. Rf7 Rb2+ 58. Kh3 Qh6 59. Rxf4
Bb4 60. Qf6 Qf8 61. Qe5 Qa8 62. d5 Qa3+ 0-1

[Event "Olomouc 2009 - IM B"]
[Site "?"]
[Date "2009.08.08"]
[Round "4.5"]
[White "Bures, Jaroslav"]
[Black "Klima, Lukas"]
[Result "1/2-1/2"]
[WhiteElo "2259"]
[BlackElo "2420"]
[PlyCount "177"]
[EventDate "2009.08.05"]

1. e4 c5 2. Nf3 Nc6 3. d4 cxd4 4. Nxd4 Qb6 5. Nb3 Nf6 6. Nc3 e6 7. Be2 Be7 8.
O-O O-O 9. a4 d6 10. a5 Qc7 11. f4 Rd8 12. Be3 Bd7 13. Kh1 Be8 14. Bf3 Nb4 15.
Qe2 Rdc8 16. Qf2 Qb8 17. Rfd1 Rc4 18. Rd2 Qc7 19. Bxa7 d5 20. e5 Ne4 21. Bxe4
dxe4 22. Bb6 Qc8 23. Qe2 Rxc3 24. bxc3 Nd5 25. Qxe4 Nxc3 26. Qd4 Bc6 27. Bc5
Nb5 28. Qe3 Bxc5 29. Qxc5 Nc3 30. Rd4 Bd5 31. Qxc8+ Rxc8 32. Re1 h5 33. Kg1 Nb5
34. Rd2 Rc3 35. Rf1 Na3 36. Rfd1 Nxc2 37. Nd4 Ne3 38. Ra1 h4 39. Re2 Rc4 40.
Nb5 Nf5 41. Rf2 Rc5 42. Nd6 Nxd6 43. exd6 Rc6 44. d7 Rd6 45. Rd2 Rxd7 46. Rc1
Kh7 47. Kf2 Kg6 48. Ke3 Rd6 49. Rb2 Rd8 50. Rc5 f5 51. g3 h3 52. Rd2 Kf6 53.
Rd4 g5 54. fxg5+ Kxg5 55. Rc7 Ra8 56. Rh7 Rxa5 57. Rxh3 Bc6 58. Rh8 e5 59. Rg8+
Kf6 60. Rd6+ Kf7 61. Rh8 Ra3+ 62. Kd2 Ke7 63. Rg6 Kf7 64. Rgh6 f4 65. R8h7+ Kg8
66. Rc7 fxg3 67. Rd6 Ra8 68. hxg3 Rf8 69. g4 Rf7 70. Rxf7 Kxf7 71. Ke3 Ke7 72.
Rh6 Kf7 73. Kf2 Be4 74. Rd6 Ke7 75. Rh6 Kf7 76. Kg3 Bg6 77. Rh8 Kf6 78. Rb8 Be4
79. Kh4 Bc6 80. Kh5 Bd5 81. Kh6 e4 82. g5+ Ke5 83. Re8+ Kf4 84. g6 e3 85. g7
Kf3 86. Rf8+ Ke2 87. g8=Q Bxg8 88. Rxg8 Kf1 89. Rf8+ 1/2-1/2

[Event "Olomouc 2009 - IM B"]
[Site "?"]
[Date "2009.08.09"]
[Round "5.2"]
[White "Pacher, Milan"]
[Black "Bures, Jaroslav"]
[Result "1-0"]
[WhiteElo "2358"]
[BlackElo "2259"]
[PlyCount "121"]
[EventDate "2009.08.05"]

1. e4 c6 2. d4 d5 3. Nc3 dxe4 4. Nxe4 Bf5 5. Ng3 Bg6 6. h4 h6 7. Nf3 Nd7 8. h5
Bh7 9. Bd3 Bxd3 10. Qxd3 e6 11. Bd2 Qc7 12. O-O-O O-O-O 13. Ne4 Ngf6 14. g3
Nxe4 15. Qxe4 Nf6 16. Qe2 Bd6 17. c4 c5 18. Bc3 cxd4 19. Nxd4 a6 20. Kb1 Qc5
21. g4 Qe5 22. Qc2 Qe4 23. f3 Qxc2+ 24. Kxc2 Rhe8 25. b4 e5 26. Nf5 Bf8 27.
Rxd8+ Kxd8 28. c5 Re6 29. Re1 Nd7 30. a3 g6 31. hxg6 fxg6 32. Ng3 Rf6 33. Re3
Rf7 34. Kd1 Be7 35. Ke2 Bg5 36. Rd3 Bf4 37. Ne4 Kc7 38. a4 h5 39. b5 axb5 40.
axb5 hxg4 41. fxg4 Rh7 42. Ba5+ b6 43. cxb6+ Kb8 44. Rd6 Rh3 45. Bd2 Rh2+ 46.
Kd1 Bxd2 47. Nxd2 Nc5 48. Rxg6 Nd3 49. Kc2 e4 50. Re6 Nc5 51. Re5 Kb7 52. Kc3
Na4+ 53. Kb3 Rxd2 54. Kxa4 Rd4+ 55. Ka5 e3 56. g5 Rg4 57. Re7+ Kb8 58. b7 Rxg5
59. Ka6 Rg6+ 60. b6 Rg8 61. Rxe3 1-0

[Event "Olomouc 2009 - IM B"]
[Site "?"]
[Date "2009.08.09"]
[Round "5.4"]
[White "Langrock, Hannes"]
[Black "Blazkova, Petra"]
[Result "1-0"]
[WhiteElo "2383"]
[BlackElo "2182"]
[PlyCount "111"]
[EventDate "2009.08.05"]

1. c4 e6 2. Nf3 Nf6 3. Nc3 Bb4 4. Qc2 O-O 5. a3 Bxc3 6. Qxc3 d5 7. e3 b6 8. b3
Bb7 9. Be2 Nbd7 10. Bb2 dxc4 11. bxc4 Nc5 12. a4 Nce4 13. Qc2 Ne8 14. O-O Ng5
15. Ne1 f6 16. f4 Nf7 17. c5 bxc5 18. a5 Nfd6 19. a6 Bd5 20. Qxc5 Ne4 21. Qc2
Rb8 22. Ba3 Rf7 23. d3 Bb3 24. Qc1 N4d6 25. Bc5 Nb5 26. Nf3 Bd5 27. Qc2 Ned6
28. Rfb1 Bc6 29. Rb4 Bd7 30. Rab1 Rc8 31. Qb3 Qe8 32. e4 c6 33. e5 Nf5 34. d4
Ne7 35. Bc4 Nd5 36. f5 Nxb4 37. fxe6 Nd5 38. Bxd5 cxd5 39. exd7 Qxd7 40. Qxb5
Qxb5 41. Rxb5 fxe5 42. Nxe5 Rf6 43. Ra5 Rb8 44. h3 Rb1+ 45. Kh2 h5 46. Bxa7
Rff1 47. Nf3 Rb2 48. Kg3 Rff2 49. Bc5 Rxg2+ 50. Kf4 Rbe2 51. a7 Re4+ 52. Kf5
g6+ 53. Kf6 Rf4+ 54. Ke6 Kg7 55. a8=Q Rf6+ 56. Kxd5 1-0

[Event "Olomouc 2009 - IM B"]
[Site "?"]
[Date "2009.08.09"]
[Round "5.5"]
[White "Kochetkova, Julia"]
[Black "Sonter, Matthew"]
[Result "1-0"]
[WhiteElo "2310"]
[BlackElo "2158"]
[PlyCount "59"]
[EventDate "2009.08.05"]

1. e4 c5 2. Nf3 d6 3. d4 cxd4 4. Nxd4 Nf6 5. Nc3 a6 6. h3 e6 7. g4 h6 8. Bg2
Qc7 9. Be3 Nc6 10. Qe2 Be7 11. O-O-O Nxd4 12. Bxd4 e5 13. Be3 Be6 14. f4 exf4
15. Bxf4 Nd7 16. h4 Ne5 17. Bxe5 dxe5 18. Kb1 Bb4 19. Nd5 Bxd5 20. exd5 O-O-O
21. Rh3 Kb8 22. d6 Rxd6 23. Rxd6 Qxd6 24. a3 Ba5 25. Rb3 Bb6 26. Qe4 Qc7 27. c4
Kc8 28. c5 Bxc5 29. Rxb7 Qd6 30. Rxf7 1-0

[Event "Olomouc 2009 - IM B"]
[Site "?"]
[Date "2009.08.10"]
[Round "6.1"]
[White "Ganaus, Hannes"]
[Black "Sonter, Matthew"]
[Result "1/2-1/2"]
[WhiteElo "2279"]
[BlackElo "2158"]
[PlyCount "61"]
[EventDate "2009.08.05"]

1. d4 Nf6 2. c4 e6 3. Nf3 b6 4. Nc3 Bb4 5. Bg5 Bb7 6. Nd2 h6 7. Bh4 O-O 8. e4
Bxc3 9. bxc3 g5 10. Bg3 Nxe4 11. Nxe4 Bxe4 12. h4 d6 13. hxg5 hxg5 14. Qh5 Qf6
15. O-O-O Bg6 16. Qh6 Nd7 17. f4 g4 18. Bh4 Qg7 19. Bg5 Qxh6 20. Bxh6 Rfd8 21.
Rh4 f5 22. Bg5 Rf8 23. c5 Kf7 24. Bb5 Nf6 25. Bc6 Rab8 26. cxd6 cxd6 27. d5
Nxd5 28. Rxd5 exd5 29. Bxd5+ Kg7 30. Bh6+ Kf6 31. Bg5+ 1/2-1/2

[Event "Olomouc 2009 - IM B"]
[Site "?"]
[Date "2009.08.10"]
[Round "6.2"]
[White "Blazkova, Petra"]
[Black "Kochetkova, Julia"]
[Result "0-1"]
[WhiteElo "2182"]
[BlackElo "2310"]
[PlyCount "88"]
[EventDate "2009.08.05"]

1. e4 c5 2. Nf3 d6 3. d4 cxd4 4. Nxd4 Nf6 5. Nc3 Nc6 6. Be3 a6 7. f3 e5 8. Nxc6
bxc6 9. Bc4 Be7 10. Qe2 O-O 11. Rd1 Rb8 12. O-O Kh8 13. Bxa6 Rxb2 14. Rb1 Rxb1
15. Rxb1 Be6 16. Rb7 Nh5 17. Qd2 d5 18. Bb6 Bg5 19. Bxd8 Bxd2 20. Be7 Ra8 21.
exd5 cxd5 22. Nb1 Bc8 23. Rb3 Rxa6 24. Nxd2 Rxa2 25. Rc3 Be6 26. Kf2 d4 27. Rc5
d3 28. cxd3 Rxd2+ 29. Ke3 Rxg2 30. Rxe5 Rxh2 31. d4 Ng3 32. Bd6 Re2+ 33. Kf4
Rxe5 34. Kxe5 h5 35. Be7 Nf5 36. Bd8 h4 37. d5 Bd7 38. Ke4 h3 39. Bc7 Kh7 40.
Bh2 Kg6 41. Kf4 Kh5 42. Ke4 Kh4 43. d6 Ng3+ 44. Kf4 Nf1 0-1

[Event "Olomouc 2009 - IM B"]
[Site "?"]
[Date "2009.08.10"]
[Round "6.3"]
[White "Antipov, Mikhail Al"]
[Black "Langrock, Hannes"]
[Result "0-1"]
[WhiteElo "2191"]
[BlackElo "2383"]
[PlyCount "112"]
[EventDate "2009.08.05"]

1. e4 e6 2. d4 d5 3. Nc3 dxe4 4. Nxe4 Nd7 5. Nf3 Ngf6 6. Bd3 c5 7. O-O Nxe4 8.
Bxe4 Nf6 9. Bd3 cxd4 10. Nxd4 Bc5 11. Nb3 Bd6 12. Bg5 Bd7 13. Nd4 h6 14. Bh4
Qc7 15. Bg3 Bxg3 16. hxg3 O-O 17. Qf3 Rac8 18. Rfe1 Bc6 19. Nxc6 Qxc6 20. c4
Rfd8 21. Qxc6 Rxc6 22. Rad1 Rcd6 23. Bc2 Kf8 24. Rxd6 Rxd6 25. Rd1 Ke7 26. Kf1
Rxd1+ 27. Bxd1 Kd6 28. Ke2 Ng4 29. b4 Ne5 30. Bb3 Nc6 31. c5+ Ke5 32. b5 Nd4+
33. Ke3 Nxb5 34. f4+ Kf6 35. a4 Nc7 36. Kd4 b6 37. cxb6 axb6 38. Bc2 Ke7 39.
Be4 Kf6 40. Kc4 e5 41. Kb4 Ke6 42. fxe5 Kxe5 43. Bf3 Kd4 44. Bc6 f5 45. Bb7 g5
46. Bc6 Ke3 47. Bd7 Ke4 48. g4 fxg4 49. Bxg4 Kf4 50. Bd7 h5 51. Bc6 h4 52. Bd7
Ke3 53. Bc6 g4 54. Bd7 Nd5+ 55. Kb5 h3 56. gxh3 g3 0-1

[Event "Olomouc 2009 - IM B"]
[Site "?"]
[Date "2009.08.10"]
[Round "6.4"]
[White "Bures, Jaroslav"]
[Black "Porat, Maya"]
[Result "1/2-1/2"]
[WhiteElo "2259"]
[BlackElo "2221"]
[PlyCount "68"]
[EventDate "2009.08.05"]

1. e4 c5 2. Nf3 Nc6 3. d4 cxd4 4. Nxd4 e5 5. Nb5 d6 6. N1c3 a6 7. Na3 Be7 8.
Nc4 b5 9. Ne3 Nf6 10. g3 O-O 11. Bg2 b4 12. Ncd5 Nxd5 13. Nxd5 Bg5 14. Bxg5
Qxg5 15. O-O Rb8 16. Qd3 a5 17. Ne3 Rd8 18. Rfd1 Be6 19. a3 Nd4 20. f4 Qh5 21.
f5 Bd7 22. axb4 axb4 23. Qf1 Ne2+ 24. Kf2 Bb5 25. Qh1 Nd4 26. Bf3 Nxf3 27. Qxf3
Qxh2+ 28. Ng2 Qh6 29. Ne3 Qh2+ 30. Ng2 Rbc8 31. Rac1 Rc4 32. c3 Qh6 33. Ne3
Qh2+ 34. Ng2 Qh6 1/2-1/2

[Event "Olomouc 2009 - IM B"]
[Site "?"]
[Date "2009.08.11"]
[Round "7.1"]
[White "Pacher, Milan"]
[Black "Ganaus, Hannes"]
[Result "1/2-1/2"]
[WhiteElo "2358"]
[BlackElo "2279"]
[PlyCount "116"]
[EventDate "2009.08.05"]

1. d4 Nf6 2. c4 e6 3. Nf3 Nc6 4. g3 Bb4+ 5. Bd2 Bxd2+ 6. Nbxd2 d6 7. Bg2 e5 8.
d5 Ne7 9. O-O O-O 10. e4 c5 11. Ne1 Ng6 12. Nd3 b6 13. f4 exf4 14. gxf4 Ng4 15.
Qe1 Qh4 16. Nf3 Qxe1 17. Raxe1 f6 18. b3 a5 19. a4 Ra7 20. Bh3 Re7 21. Kg2 Rfe8
22. Kg3 h5 23. Bxg4 Bxg4 24. Nd2 f5 25. e5 h4+ 26. Kg2 dxe5 27. fxe5 h3+ 28.
Kg3 Nxe5 29. d6 Nxd3 30. Rxe7 Rxe7 31. dxe7 Kf7 32. Ne4 Kxe7 33. Nc3 Ke6 34.
Nd5 Ke5 35. Rg1 g5 36. Ne3 Be2 37. Kxh3 Ke4 38. Nd5 Nf4+ 39. Kg3 Nxd5 40. cxd5
Kxd5 41. Kf2 Bg4 42. Rg3 Ke4 43. Re3+ Kd5 44. Re8 f4 45. Rg8 Ke4 46. Rg6 Bd1
47. Rxb6 g4 48. Rb5 Kd4 49. Rxa5 Bxb3 50. Ra8 c4 51. a5 c3 52. Re8 c2 53. Re1
Bc4 54. Ra1 Ba6 55. Ke1 Kc3 56. Rc1 g3 57. hxg3 fxg3 58. Rxc2+ Kxc2 1/2-1/2

[Event "Olomouc 2009 - IM B"]
[Site "?"]
[Date "2009.08.11"]
[Round "7.4"]
[White "Kochetkova, Julia"]
[Black "Antipov, Mikhail Al"]
[Result "0-1"]
[WhiteElo "2310"]
[BlackElo "2191"]
[PlyCount "122"]
[EventDate "2009.08.05"]

1. Nf3 Nf6 2. g3 d5 3. Bg2 c6 4. O-O Bg4 5. d3 Nbd7 6. h3 Bh5 7. Qe1 e5 8. e4
dxe4 9. dxe4 Bg6 10. Nbd2 Bc5 11. Nc4 Qe7 12. Nh4 O-O 13. Bg5 Qe6 14. Qe2 b5
15. Nd2 Rad8 16. a4 a6 17. axb5 axb5 18. Nb3 Be7 19. Nxg6 hxg6 20. Be3 Ra8 21.
Kh2 Rfd8 22. Rfd1 Ne8 23. h4 Ndf6 24. Nc5 Rxa1 25. Rxa1 Qc4 26. Qxc4 bxc4 27.
Bf3 Bxc5 28. Bxc5 Rd2 29. c3 Nc7 30. Ra4 Rxb2 31. Rxc4 Nb5 32. Kg2 Rc2 33. Bb4
Nd4 34. Rc5 Nb3 35. Rxe5 Nc1 36. Ra5 Nd3 37. g4 Nxf2 38. g5 N2xe4+ 39. Kg1 Rc1+
40. Kg2 Rc2+ 41. Kh3 Nf2+ 42. Kg3 Nh5+ 43. Bxh5 gxh5 44. Re5 Nd3 45. Re8+ Kh7
46. Ba5 Ra2 47. Bb6 Ra3 48. Rf8 Rxc3 49. Kf3 Ne5+ 50. Ke4 Nd7 51. Bd4 Nxf8 52.
Bxc3 Kg6 53. Ke5 Ne6 54. Kd6 c5 55. Ke5 Nd4 56. Ke4 Nb5 57. Bd2 c4 58. Be3 Nd6+
59. Kd5 Nf5 60. Bf4 Nxh4 61. Kxc4 Nf3 0-1

[Event "Olomouc 2009 - IM B"]
[Site "?"]
[Date "2009.08.11"]
[Round "7.5"]
[White "Sonter, Matthew"]
[Black "Blazkova, Petra"]
[Result "1-0"]
[WhiteElo "2158"]
[BlackElo "2182"]
[PlyCount "111"]
[EventDate "2009.08.05"]

1. e4 d5 2. exd5 Nf6 3. d4 Bg4 4. Be2 Bxe2 5. Qxe2 Qxd5 6. Nf3 e6 7. c4 Qh5 8.
Nc3 Bd6 9. c5 Be7 10. Qb5+ Nbd7 11. Qxb7 O-O 12. O-O e5 13. Nd5 Nxd5 14. Qxd5
Rad8 15. c6 Nb8 16. Qxe5 Qxe5 17. dxe5 Nxc6 18. Be3 Rd7 19. Rfd1 Rfd8 20. Rxd7
Rxd7 21. Kf1 a6 22. a3 Kf8 23. Rc1 Nd8 24. Ke2 Ke8 25. Nd4 g6 26. b4 Bf8 27. f4
Nb7 28. Nb3 Nd8 29. g4 g5 30. f5 Rd5 31. Rxc7 Rxe5 32. Ra7 Re4 33. Kf3 Rc4 34.
Rxa6 Rc3 35. Nd4 Kd7 36. Ke4 Nb7 37. Ra7 Rc7 38. Kd5 Ke7 39. Nb5 Rd7+ 40. Kc6
Nd8+ 41. Kb6 Rxa7 42. Nxa7 Kd7 43. Bxg5 Bd6 44. Bxd8 Kxd8 45. Kc6 Bxh2 46. b5
Ke7 47. b6 Kf6 48. Nc8 Bb8 49. Nd6 Kg5 50. a4 Kxg4 51. a5 h5 52. a6 h4 53. a7
Bxa7 54. bxa7 h3 55. a8=Q h2 56. Kd7 1-0

[Event "Olomouc 2009 - IM B"]
[Site "?"]
[Date "2009.08.12"]
[Round "8.1"]
[White "Ganaus, Hannes"]
[Black "Blazkova, Petra"]
[Result "1/2-1/2"]
[WhiteElo "2279"]
[BlackElo "2182"]
[PlyCount "91"]
[EventDate "2009.08.05"]

1. d4 Nf6 2. c4 e6 3. Nc3 Bb4 4. g3 c5 5. Nf3 cxd4 6. Nxd4 Ne4 7. Bd2 Bxc3 8.
Bxc3 Nxc3 9. bxc3 a6 10. Bg2 Qc7 11. Qa4 O-O 12. O-O d6 13. Rfd1 Nd7 14. Nb5
axb5 15. Qxa8 bxc4 16. Qa3 Nc5 17. Rd4 d5 18. e4 dxe4 19. Rxc4 b6 20. Bxe4 Rd8
21. Bg2 e5 22. Rb4 Bf5 23. h3 h6 24. Rf1 Kh7 25. Kh2 Rd2 26. Rb2 Rd6 27. Rg1
Qd8 28. Rb5 Qc7 29. Re1 Rd2 30. Kg1 Nd3 31. Rf1 Nc5 32. Rb2 Rd6 33. Re1 Nd3 34.
Rd1 Nxb2 35. Qxd6 Qxc3 36. Rd2 Nc4 37. Qc6 Qc1+ 38. Kh2 Qxd2 39. Qxc4 Qd7 40.
Be4 g6 41. Bxf5 Qxf5 42. Kg2 e4 43. Qd4 Qe6 44. a4 h5 45. h4 Qc6 46. Kh2
1/2-1/2

[Event "Olomouc 2009 - IM B"]
[Site "?"]
[Date "2009.08.12"]
[Round "8.2"]
[White "Antipov, Mikhail Al"]
[Black "Sonter, Matthew"]
[Result "1-0"]
[WhiteElo "2191"]
[BlackElo "2158"]
[PlyCount "71"]
[EventDate "2009.08.05"]

1. e4 c5 2. Nf3 d6 3. d4 cxd4 4. Nxd4 Nf6 5. Nc3 a6 6. Bc4 e6 7. O-O b5 8. Bb3
Be7 9. Qf3 Qc7 10. Qg3 Nc6 11. Be3 O-O 12. f3 Nxd4 13. Bxd4 b4 14. Na4 e5 15.
Be3 Be6 16. Bxe6 fxe6 17. Qh3 Kf7 18. Rac1 Rab8 19. b3 Qb7 20. c4 bxc3 21. Nxc3
d5 22. f4 d4 23. fxe5 dxe3 24. exf6 gxf6 25. Qxh7+ Ke8 26. Qg6+ Rf7 27. e5 Qb6
28. Kh1 Qd4 29. exf6 Ba3 30. Qg8+ Bf8 31. Ne2 Qh4 32. Rc4 Qh6 33. Qg3 Rd8 34.
Qe5 Bd6 35. Qxe6+ Kf8 36. Qxd6+ 1-0

[Event "Olomouc 2009 - IM B"]
[Site "?"]
[Date "2009.08.12"]
[Round "8.3"]
[White "Bures, Jaroslav"]
[Black "Kochetkova, Julia"]
[Result "1-0"]
[WhiteElo "2259"]
[BlackElo "2310"]
[PlyCount "71"]
[EventDate "2009.08.05"]

1. e4 c5 2. Nf3 d6 3. d4 cxd4 4. Nxd4 Nf6 5. Nc3 Nc6 6. Bg5 e6 7. Qd2 a6 8.
O-O-O Bd7 9. f4 b5 10. Nxc6 Bxc6 11. Bd3 Be7 12. e5 dxe5 13. fxe5 Nd5 14. Ne4
O-O 15. Rhf1 f5 16. exf6 Nxf6 17. Nxf6+ Bxf6 18. Bxf6 Rxf6 19. g3 Bd5 20. a3
Rxf1 21. Rxf1 Rb8 22. Qf4 Rb7 23. Qe5 a5 24. Rf4 b4 25. Rh4 h6 26. axb4 Rxb4
27. c4 Qc8 28. Qc3 Bc6 29. Bb1 Be8 30. Qd3 g6 31. Bc2 e5 32. Kb1 Bf7 33. Rxh6
Qe8 34. Rh4 a4 35. Qd6 Rb7 36. Qf6 1-0

[Event "Olomouc 2009 - IM B"]
[Site "?"]
[Date "2009.08.12"]
[Round "8.5"]
[White "Pacher, Milan"]
[Black "Porat, Maya"]
[Result "1/2-1/2"]
[WhiteElo "2358"]
[BlackElo "2221"]
[PlyCount "108"]
[EventDate "2009.08.05"]

1. e4 c5 2. Nf3 d6 3. d4 cxd4 4. Nxd4 Nf6 5. Nc3 g6 6. Be3 Bg7 7. f3 O-O 8. Qd2
Nc6 9. O-O-O d5 10. exd5 Nxd5 11. Nxc6 bxc6 12. Bd4 Nxc3 13. Qxc3 Bh6+ 14. Be3
Bxe3+ 15. Qxe3 Qb6 16. Qxe7 Be6 17. Kb1 c5 18. b3 Rfd8 19. Be2 Re8 20. Qf6 Bxb3
21. Qxb6 Bxa2+ 22. Kb2 axb6 23. Bb5 Re3 24. Ra1 Ra5 25. Bd7 Bc4 26. Rxa5 bxa5
27. Ra1 Re7 28. Bc6 Ra7 29. Re1 Be6 30. Re5 Rc7 31. Bd5 Bxd5 32. Rxd5 Kf8 33.
Ka3 Ke7 34. Ka4 Ke6 35. c4 Rb7 36. Rxc5 Rb2 37. Kxa5 Rxg2 38. h4 Rh2 39. Kb6
Rxh4 40. Rc8 Kd7 41. Rc7+ Kd8 42. c5 Rf4 43. Ra7 Rxf3 44. c6 Rb3+ 45. Kc5 Rc3+
46. Kd5 Rf3 47. Ra8+ Kc7 48. Ra7+ Kb8 49. Re7 Kc8 50. Kd6 Rf6+ 51. Kc5 Rf1 52.
Kd6 Rd1+ 53. Kc5 Rc1+ 54. Kd6 Rd1+ 1/2-1/2

[Event "Olomouc 2009 - IM B"]
[Site "?"]
[Date "2009.08.13"]
[Round "9.2"]
[White "Langrock, Hannes"]
[Black "Pacher, Milan"]
[Result "1/2-1/2"]
[WhiteElo "2383"]
[BlackElo "2358"]
[PlyCount "49"]
[EventDate "2009.08.05"]

1. c4 Nf6 2. Nc3 e5 3. Nf3 Nc6 4. g3 Bb4 5. Bg2 O-O 6. O-O e4 7. Ng5 Bxc3 8.
bxc3 Re8 9. f3 exf3 10. Nxf3 d5 11. d4 h6 12. cxd5 Qxd5 13. Bf4 Qc4 14. Qd3
Qxd3 15. exd3 Nd5 16. Bd2 Bg4 17. Ne5 Nxe5 18. Bxd5 c6 19. Be4 f5 20. dxe5 fxe4
21. d4 Be6 22. Rf4 Bd5 23. a4 Rf8 24. a5 g5 25. Rxf8+ 1/2-1/2

[Event "Olomouc 2009 - IM B"]
[Site "?"]
[Date "2009.08.13"]
[Round "9.4"]
[White "Sonter, Matthew"]
[Black "Bures, Jaroslav"]
[Result "0-1"]
[WhiteElo "2158"]
[BlackElo "2259"]
[PlyCount "80"]
[EventDate "2009.08.05"]

1. e4 c6 2. d4 d5 3. Nc3 dxe4 4. Nxe4 Bf5 5. Ng3 Bg6 6. h4 h6 7. Nf3 Nf6 8. h5
Bh7 9. Bd3 Bxd3 10. Qxd3 e6 11. Bd2 Nbd7 12. O-O-O Qc7 13. Ne4 O-O-O 14. g3
Nxe4 15. Qxe4 Nf6 16. Qe2 Bd6 17. c4 c5 18. Bc3 cxd4 19. Nxd4 a6 20. Kb1 Rd7
21. f4 Rhd8 22. Nf3 Qc6 23. Rhe1 Nxh5 24. Nd4 Nxg3 25. Qh2 Qxc4 26. Qxg3 g5 27.
Qf3 Bxf4 28. Nb3 Rd3 29. Rxd3 Qxd3+ 30. Qxd3 Rxd3 31. Kc2 Rd5 32. Nd2 h5 33.
Kd1 h4 34. Rh1 Kd7 35. Ke2 Bxd2 36. Bxd2 Ke7 37. Bc3 f6 38. Kf3 Kf7 39. Kg4 Kg6
40. Re1 Rd3 0-1

[Event "Olomouc 2009 - IM B"]
[Site "?"]
[Date "2009.08.13"]
[Round "9.5"]
[White "Blazkova, Petra"]
[Black "Antipov, Mikhail Al"]
[Result "1/2-1/2"]
[WhiteElo "2182"]
[BlackElo "2191"]
[PlyCount "93"]
[EventDate "2009.08.05"]

1. e4 e6 2. d4 d5 3. Nc3 Nf6 4. Bg5 Bb4 5. e5 h6 6. Bd2 Bxc3 7. bxc3 Ne4 8. Nf3
c5 9. Be2 Nc6 10. O-O Qa5 11. c4 Nxd2 12. Nxd2 Nxd4 13. Nb3 Nxb3 14. axb3 Qd8
15. cxd5 exd5 16. b4 cxb4 17. Bb5+ Bd7 18. Qxd5 a6 19. Bxd7+ Qxd7 20. Qe4 O-O
21. Qxb4 Qc7 22. Qe4 Rfc8 23. Rfb1 Qxc2 24. Qxb7 a5 25. g3 a4 26. Kg2 Re8 27.
Rc1 Qf5 28. Rc4 a3 29. Qe4 Qxe5 30. Qxe5 Rxe5 31. Ra2 g5 32. Rc3 Rea5 33. h3
Kg7 34. g4 Kg6 35. Rc6+ f6 36. Rc7 h5 37. Rc3 Ra4 38. Kg3 R8a6 39. Rf3 h4+ 40.
Kg2 R6a5 41. Rb3 Ra6 42. Rf3 Kf7 43. Re3 f5 44. gxf5 Kf6 45. Rf3 R6a5 46. Kf1
Ra6 47. Kg2 1/2-1/2

[Event "Open Olomouc 2009"]
[Site "Olomouc (CZE)"]
[Date "2009.08.06"]
[Round "1.1"]
[White "Chernyshov, Konstantin"]
[Black "Petruska, Miroslav"]
[Result "1-0"]
[WhiteElo "2555"]
[BlackElo "1939"]
[PlyCount "62"]
[EventDate "2009.08.06"]

1. e4 Nc6 2. Nf3 d6 3. Bc4 Nf6 4. Nc3 Bg4 5. d3 e6 6. h3 Bh5 7. g4 Bg6 8. Bb5
a6 9. Bxc6+ bxc6 10. Qe2 Be7 11. Nd4 c5 12. Nc6 Qd7 13. Nxe7 Qxe7 14. f4 h6 15.
Rg1 Kd7 16. Be3 Rhb8 17. b3 Ne8 18. Qf2 f6 19. h4 Bf7 20. Kd2 e5 21. fxe5 fxe5
22. g5 h5 23. g6 Be6 24. Nd5 Qd8 25. Bg5 Qc8 26. Qf8 a5 27. a4 Ra7 28. Raf1
Raa8 29. Rf7+ Bxf7 30. gxf7 Qb7 31. Qe7+ Kc6 1-0

[Event "Open Olomouc 2009"]
[Site "Olomouc (CZE)"]
[Date "2009.08.06"]
[Round "1.2"]
[White "Verhoef, Harry"]
[Black "Kasparov, Sergey"]
[Result "0-1"]
[WhiteElo "1939"]
[BlackElo "2487"]
[PlyCount "114"]
[EventDate "2009.08.06"]

1. e4 c6 2. d4 d5 3. exd5 cxd5 4. Bd3 Nc6 5. c3 Nf6 6. Bf4 Bg4 7. Qb3 Na5 8.
Qa4+ Bd7 9. Qc2 Qb6 10. Nd2 Bb5 11. Rb1 Rc8 12. Ngf3 Bxd3 13. Qxd3 e6 14. h3
Nc4 15. Nxc4 dxc4 16. Qe2 Nd5 17. Bd2 Be7 18. O-O O-O 19. g3 Qc7 20. Rfc1 b5
21. b3 Rfe8 22. b4 h6 23. Ne1 a5 24. a3 Ra8 25. Qg4 Nf6 26. Qd1 axb4 27. axb4
Bd6 28. Qf3 Nd5 29. Ra1 Qc6 30. Kh2 Kf8 31. Qh1 Ne7 32. Nc2 Qxh1+ 33. Rxh1 Nd5
34. Kg2 Ke7 35. Kf3 Kd7 36. Ne3 Kc6 37. Ng4 h5 38. Ne3 Nxe3 39. Bxe3 e5 40.
Rhd1 e4+ 41. Ke2 Kd5 42. Bf4 Be7 43. Bc7 Rec8 44. Ba5 Ra6 45. Ra2 Rf6 46. f4
exf3+ 47. Kf2 h4 48. Re1 hxg3+ 49. Kxg3 Bd6+ 50. Kf2 Rh8 51. Rh1 Rfh6 52. Raa1
Rxh3 53. Rxh3 Rxh3 54. Bb6 Bf4 55. Ra5 Ke4 56. d5 Rh2+ 57. Kf1 Bg3 0-1

[Event "Open Olomouc 2009"]
[Site "Olomouc (CZE)"]
[Date "2009.08.06"]
[Round "1.3"]
[White "Zilka, Stepan"]
[Black "Kolasin, Jan"]
[Result "1-0"]
[WhiteElo "2466"]
[BlackElo "1935"]
[PlyCount "61"]
[EventDate "2009.08.06"]

1. d4 Nf6 2. c4 g6 3. Nc3 Bg7 4. e4 d6 5. Nf3 O-O 6. Be2 e5 7. O-O Nc6 8. d5
Ne7 9. Ne1 Ne8 10. Nd3 f5 11. Bd2 Nf6 12. f3 f4 13. c5 Bd7 14. Rc1 g5 15. Qb3
Rb8 16. Qa3 dxc5 17. Nxc5 b6 18. Na6 Rc8 19. Nxc7 Qxc7 20. Qxe7 Rf7 21. Nb5 Qb8
22. Rxc8+ Bxc8 23. Qd8+ Rf8 24. Qc7 Ba6 25. Qxb8 Rxb8 26. Rc1 Ne8 27. Kf1 Bf8
28. Nc7 Bxe2+ 29. Kxe2 Bc5 30. Na6 Rc8 31. b4 1-0

[Event "Open Olomouc 2009"]
[Site "Olomouc (CZE)"]
[Date "2009.08.06"]
[Round "1.4"]
[White "Chernyshova, Natalia"]
[Black "Tikkanen, Hans"]
[Result "0-1"]
[WhiteElo "1932"]
[BlackElo "2434"]
[PlyCount "74"]
[EventDate "2009.08.06"]

1. e4 d5 2. exd5 Nf6 3. d4 Nxd5 4. c4 Nb6 5. Nf3 g6 6. h3 Bg7 7. Nc3 O-O 8. Bf4
Nc6 9. Nb5 e5 10. Nxe5 Nxe5 11. dxe5 Qe7 12. Be2 Rd8 13. Qc1 Bxe5 14. Bxe5 Qxe5
15. Qc3 Qe7 16. Kf1 c6 17. Na3 Na4 18. Qb3 Nc5 19. Qb4 Bf5 20. Re1 a5 21. Qc3
Na4 22. Qc1 Qb4 23. b3 Nc3 24. Nc2 Nxe2 25. Rxe2 Qc3 26. Qe1 Qxc2 27. Rxc2 Bxc2
28. Qe7 Rd1+ 29. Ke2 Rxh1 30. Qxb7 Re8+ 31. Kd2 Bf5 32. Qxc6 Rhe1 33. g4 R1e2+
34. Kd1 Bc2+ 35. Kc1 Rd8 36. Qc7 Rd1+ 37. Kb2 Bb1+ 0-1

[Event "Open Olomouc 2009"]
[Site "Olomouc (CZE)"]
[Date "2009.08.06"]
[Round "1.5"]
[White "Pozin, Sergey"]
[Black "Vojacek, Zdenek"]
[Result "1-0"]
[WhiteElo "2421"]
[BlackElo "1926"]
[PlyCount "45"]
[EventDate "2009.08.06"]

1. d4 d5 2. Nf3 Nf6 3. Bf4 Nbd7 4. e3 e6 5. Nbd2 Be7 6. Ne5 O-O 7. Bd3 c5 8. c3
Qb6 9. Rb1 Rd8 10. Bg5 Nf8 11. O-O h6 12. Bh4 Qc7 13. f4 b6 14. Bxf6 Bxf6 15.
Qh5 Bb7 16. Rf3 Qe7 17. Rbf1 Rac8 18. Ng4 Rc7 19. Rh3 cxd4 20. exd4 Bc6 21. Rg3
Ng6 22. Bxg6 fxg6 23. Qxg6 1-0

[Event "Open Olomouc 2009"]
[Site "Olomouc (CZE)"]
[Date "2009.08.06"]
[Round "1.6"]
[White "Navratil-Jun., Jiri"]
[Black "Rojicek, Vojtech"]
[Result "0-1"]
[WhiteElo "1919"]
[BlackElo "2405"]
[PlyCount "58"]
[EventDate "2009.08.06"]

1. e4 c5 2. Nf3 e6 3. d4 cxd4 4. Nxd4 a6 5. Nc3 Qc7 6. Bd3 Nf6 7. O-O Bc5 8.
Be3 d6 9. Qe2 b5 10. Nb3 Bxe3 11. Qxe3 Nc6 12. Rad1 O-O 13. Kh1 Bb7 14. a3 Rfd8
15. f4 Rac8 16. Rde1 b4 17. axb4 Nxb4 18. Nd4 Qb6 19. Nf3 Qxe3 20. Rxe3 Nxd3
21. cxd3 d5 22. Ree1 h6 23. e5 d4 24. Ne2 Nd5 25. Nfxd4 Ne3 26. Rg1 Nc2 27.
Nxc2 Rxc2 28. Ng3 Rxd3 29. Rc1 Bxg2+ 0-1